000 00670nam a2200253Ia 4500
003 OSt
005 20221007062336.0
006 a|||||r|||| 00| 0
007 ta
008 221006b |||||||| |||| 00| 0 eng d
024 _a9,741
037 _cReference Collections
040 _aFLL
_cFLL
_beng
041 _2eng
_aeng
082 _aZQ7, M2
100 _aMahmood Tahir
245 0 _aMuslim law of India
250 _a2nd
260 _aAllahabad
_bLaw book comp. India
_c1988
300 _axxxviii,351p
_ccm.
650 _aMuslim law of India
_9682650
942 _hZQ7, M2
_cREF
_2CC
999 _c1128365
_d1128365